000 00483cam a2200193ua 4500
001 1930
008 110811n ii |||gr||||Z||||||eng
040 _cMAIN
082 _a370.54
100 _aBora,
_eAuthor.
245 1 _aEducational psychology
_cby Bora & Dutta
250 _a4th.
260 _aCalcutta:
_bSribhumi publishing company,969.
300 _avi; 320p:
_c23cm.
653 _aEducation
653 _a educational psychology
700 _aDutta,
_eAuthor.
942 _cBK
999 _c1805
_d1805